Software engineering /

Đã lưu trong:
Sonraí Bibleagrafaíochta
Príomhúdar: Ince, D. C.
Formáid: Leabhar
Teanga:English
Foilsithe: London : Chapman and Hall, 1989.
Ábhair:
Clibeanna: Cuir Clib Leis
Gan Chlibeanna, Bí ar an gcéad duine leis an taifead seo a chlibeáil!
Thư viện lưu trữ: Mạng thư viện Đại học Đà Nẵng
LEADER 00794cam a2200325 i 4500
001 000048036
003 7734
005 20030317145536.0
008 010322|1989 vm 000 eng
020 |a 0412381702 
040 |a IRC  |c IRC  |d IRC 
041 0 |a eng 
082 1 4 |a 005.1  |b IN-D 
100 1 |a Ince, D. C.  |q (Darrel) 
245 0 0 |a Software engineering /  |c D. C. Ince. 
260 |a London :  |b Chapman and Hall,  |c 1989. 
300 |a 191 p. ;  |c 24cm. 
630 0 4 |a Computer. 
630 0 4 |a Software engineering. 
650 0 4 |a Software engineering. 
OWN |a DUT 
999 |a From the UDN01 
TYP |a Monograph 
TYP |a Printed language 
980 |a Mạng thư viện Đại học Đà Nẵng